000 00636cam a22002293a 4500
001 19920
003 PGUSA
005 20140828083424.0
008 061126s2006||||xxu|||||s|||||000 1 eng d
040 _aPGUSA
_beng
042 _adc
050 4 _aPQ
100 1 _aFéval, Paul,
_d1817-1887
245 1 0 _aL'avaleur de sabres :
_bLes Habits Noirs Tome VI
_h[electronic resource] /
_cPaul Féval
260 _bProject Gutenberg,
_c2006
506 _aPublic domain in the USA.
516 _aElectronic text
653 _aFiction
830 0 _aProject Gutenberg
_v19920
856 4 0 _uhttp://www.gutenberg.org/ebooks/19920
942 _cEB
999 _c249175
_d249175